LEADER 01495nam a2200301 u 4500 001 000000092418 003 CaOOAMICUS 005 20070226124933.0 008 060609s2006 it u000 u ita u 035 $a11092032 040 $aPUL$bita 041 1 $aita$hfre 100 1 $aDavril, Anselme,$cO.S.B.$0(OLS)http://pul/name/30066 240 10$aVie des moines au temps des grandes abbayes.$lItaliano.$0(OLS)http://pul/title/119282 245 13$aLa vita dei monaci al tempo delle grandi abbazie /$cAnselme Davril, Eric Palazzo ; traduzione di Pierluigi Fiorini. 260 $aMilano :$bMondadori, Biblioteca storica,$cristampa 2006] 300 $a327 p. ;$c22 cm 490 1 $aBiblioteca storica. Il Medioevo ;$v31 500 $aEdizione speciale per "Il Giornale", pubblicata su licenza di Mondadori libri, desunta dall'edizione del 2002, Ed. San Paolo. 504 $aBibliografia in nota. 650 4$aMonachismo e ordini religiosi.$0(OLS)http://pul/subject/757 700 1 $aPalazzo, Eric.$0(OLS)http://pul/name/16868 830 0$aBiblioteca storica (Il Giornale)$p[Medioevo] ;$v31.$0(OLS)http://pul/title/131613 850 $aPUL 852 $aPUL$W1$xDP2 Filosofia 3$y112$m940. 1 COLL 2.31$j116243$nBK-PRI$qDDC 21$B116243$CPULBib$Z2$F116243 $HPUL101746 $81 941 1 $a9 996 $6245$aLa vita dei monaci al tempo delle grandi abbazie$9(OLS)http://pul/title/119283 996 $6260$aMilano :$bMondadori, Biblioteca storica$9(OLS)http://pul/publisher/79096 LEADER 01368nam a2200313 a 4500 001 000000133498 003 CaOOAMICUS 005 20130411100347.0 008 130411s2005 it u000 u ita r 020 $a88-317-8682-2 040 $aPUL$bita 245 00$aEuropa laica e puzzle religioso :$bdieci risposte su quel che tiene insieme l'Unione /$ca cura di Krzysztof Michalski e Nina zu Fürstenberg. 260 $aVenezia :$bMarsilio,$c2005. 300 $a195 p. ;$c17 cm. 490 1 $aLibri di Reset 500 $aSulla cop.: Postfazione di Romano Prodi. 650 4$aReligione e società$zEuropa.$0(OLS)http://pul/subject/39517 700 1 $aMichalski, Krzysztof.$0(OLS)http://pul/name/85999 700 1 $aFürstenberg, Nina zu.$0(OLS)http://pul/name/86000 700 1 $aProdi, Romano.$0(OLS)http://pul/name/20796 830 0$aLibri di Reset.$0(OLS)http://pul/title/164980 850 $aPUL 852 $aPUL$W1$xDP1 Fondo E. Rossi$y115$m1 L 4$j43118$qFondi$B152997$CPULBib$Z2$F152997 $82 941 1 $a1 961 $aSul dorso collocazione ms. di E. Rossi: L 2 1 996 $6020$a88-317-8682-2$9(OLS)http://pul/number/152376 996 $6245$aEuropa laica e puzzle religioso :$bdieci risposte su quel che tiene insieme l'Unione$9(OLS)http://pul/title/168719 996 $6260$aVenezia :$bMarsilio$9(OLS)http://pul/publisher/52932